| 000 | 00516nam a22001577a 4500 | ||
|---|---|---|---|
| 003 | OSt | ||
| 008 | 260421b |||||||| |||| 00| 0 eng d | ||
| 082 |
_a635.642 _bC29S |
||
| 100 | _aLal, Chandrama | ||
| 245 | _aStudies on The Effect of Different Doses of Nitrogen and Dates of Transplanting on Growth, Yield and Quality of Tomato (lycopersicum Mill.) | ||
| 260 |
_aPusa, Samastipur _bBAU, Sabour, RAU, Pusa _c1989 |
||
| 300 | _a74P. | ||
| 502 |
_bMsc. _d1989 |
||
| 650 | _aVegetable & Floriculture | ||
| 942 |
_2ddc _cT |
||
| 999 |
_c50097 _d50097 |
||